000 00275nam a22000857a 4500
008 211216b ||||| |||| 00| 0 eng d
100 _aKaufmann Auction Galleries
245 _aConfederate States Postal History
_bThe Estate of William J Bogg
650 _aConfederate States of America
999 _c3236
_d3236